Hazbin Hotel Song - Find Them All - Statistics

General Stats
  • This quiz has been taken 352 times
  • The average score is 30 of 40
Answer Stats
Picture Answer % Correct
Loser Baby
100%
Gravity
92%
Love In a Bottle
90%
Poison
89%
Vox Populi
89%
Hell's Greatest Dad
87%
Hear My Hope
86%
Hell Is Forever
86%
Respectless
86%
Losin' Streak
85%
Brighter
84%
Don't You Forget
84%
More Than Anything
84%
You Didn't Know
84%
Easy
82%
Out For Love
82%
Stayed Gone
82%
Clean It Up !
81%
Hazbin Guarantee (Trust Us)
81%
Piss (A Love Song)
81%
Sera's Confession
81%
Bad With Us
78%
Don't You Forget (Reprise)
78%
Once We Get Up There
75%
It Starts With Sorry
73%
Happy Day In Hell
72%
Speedrun To Redemption
70%
Addict
69%
Finale
69%
More Than Anything (Reprise)
69%
Like You
68%
Welcome To Heaven
66%
When I Think About The Future
66%
Live To Live
64%
Ready For This
64%
Whatever It Takes
62%
Vox Dei
60%
Alastor Season 1 Recap Song
35%
Inside Of Every Demon Is A Rainbow
34%
I'm Always Chasing Rainbows
23%
No matching quizzes found
Score Distribution
Percent of People with Each Score
Percentile by Number Answered
Your Score History
You have not taken this quiz